000 00821nas a2200253 4500
001 BR2013009345
003 BR-BrBNA
005 20231205123306.0
007 ta
008 230509b bl.|||p| |||| 00| 00por d
040 _aBR-BrBNA
_bpor
_cBiblioteca Nacional de Agricultura
041 _a(En)
072 _aF70
100 1 _aMaia, F.R. da
100 1 _aMalucelli, T.S.
100 1 _aVarassin, I.G.
245 1 _aEcological factors affecting thr fruiting success of a Tibouchina trichopoda (DC.)Baill. (Melastomataceae)flower
650 _aQUARESMEIRA
650 _aDISTRIBUIÇÃO GEOGRAFICA
650 _aECOLOGIA VEGETAL
773 0 _tActa Botanica Brasilica (Brazil)
_xISSN 0102-3306
_g(Jan-Mar 2013), v. 27(1) p. 142-146
_wBR2013009345
909 _a202311
_bLúcia
_c55
_dLúcia Elande
942 _2AGRIS
_n0
_cANA
999 _c233151
_d233151